书目信息 |
| 题名: |
黑桃皇后
|
|
| 作者: | 柴科夫斯基 作曲 ;周枫 译配 | |
| 分册: | ||
| 出版信息: | 北京 人民音乐出版社 2000 |
|
| 页数: | 103页 | |
| 开本: | 19cm | |
| 丛书名: | 外国歌剧脚本选曲 | |
| 单 册: | ||
| 中图分类: | J652.4 | |
| 科图分类: | ||
| 主题词: | 歌剧--歌曲 , 音乐--各国--作品 | |
| 电子资源: | ||
| ISBN: | 7-103-02122-8 | |
| 000 | 00701nam0 2200241 45 | |
| 001 | 0206111523 | |
| 005 | 20031219104056.5 | |
| 010 | @a7-103-02122-8@dCNY8.30 | |
| 100 | @a20020611d2000 km y0chiy0120 ea | |
| 101 | 0 | @achi |
| 105 | @ag z 000yy | |
| 200 | 1 | @a黑桃皇后@AHei Tao Huang Hou@f(俄)柴科夫斯基作曲@F(E)Chai Ke Fu Si Ji Zuo Qu@g周枫译配 |
| 210 | @a北京@c人民音乐出版社@d2000 | |
| 215 | @a103页@d19cm | |
| 225 | @a外国歌剧脚本选曲 | |
| 410 | @12001 @a外国歌剧脚本选曲 | |
| 606 | 0 | @a歌剧@x歌曲 |
| 606 | 0 | @a音乐@y各国@x作品 |
| 690 | @aJ652.4@v4 | |
| 701 | 0 | @a柴科夫斯基@4作曲 |
| 702 | 0 | @a周枫@4译配@AZhou Feng |
| 801 | @aCN@bTSTC@c20020611 | |
| 905 | @b311876-882@dJ652.4@e243@f7 | |
| 黑桃皇后/(俄)柴科夫斯基作曲/周枫译配.-北京:人民音乐出版社,2000 |
| 103页;19cm.-(外国歌剧脚本选曲) |
| ISBN 7-103-02122-8:CNY8.30 |
| ● |
| 相关链接 |
|
|
|
|
正题名:黑桃皇后
索取号:J652.4/243
 
预约/预借
| 序号 | 登录号 | 条形码 | 馆藏地/架位号 | 状态 | 备注 |
| 1 | 0311876 | 203118768 | 第一借阅区/ [索取号:J652.4/243] | 在馆 | |
| 2 | 0311877 | 203118777 | 第一借阅区/ [索取号:J652.4/243] | 在馆 | |
| 3 | 0311878 | 203118786 | 第一借阅区/ [索取号:J652.4/243] | 在馆 | |
| 4 | 0311879 | 203118795 | 第一借阅区/ [索取号:J652.4/243] | 在馆 | |
| 5 | 0311880 | 203118802 | 第一借阅区/ [索取号:J652.4/243] | 在馆 | |
| 6 | 0311881 | 203118811 | 第一借阅区/ [索取号:J652.4/243] | 在馆 | |
| 7 | 0311882 | 203118820 | 第一样本阅览室/ [索取号:J652.4/243] | 在馆 |